Coordinate geometry / (Record no. 15036)
[ view plain ]
| 000 -LEADER | |
|---|---|
| fixed length control field | 01427cam a2200361 i 4500 |
| 001 - CONTROL NUMBER | |
| control field | 13761800 |
| 003 - CONTROL NUMBER IDENTIFIER | |
| control field | EG-ScBUE |
| 005 - DATE AND TIME OF LATEST TRANSACTION | |
| control field | 20241030094821.0 |
| 008 - FIXED-LENGTH DATA ELEMENTS--GENERAL INFORMATION | |
| fixed length control field | 041026r20051967nyua f b 001 0 eng d |
| 020 ## - INTERNATIONAL STANDARD BOOK NUMBER | |
| International Standard Book Number | 0486442616 |
| 020 ## - INTERNATIONAL STANDARD BOOK NUMBER | |
| International Standard Book Number | 9780486442617 |
| 035 ## - SYSTEM CONTROL NUMBER | |
| System control number | (OCoLC)ocm56924596 |
| 040 ## - CATALOGING SOURCE | |
| Original cataloging agency | DLC |
| Language of cataloging | eng |
| Description conventions | rda |
| Transcribing agency | DLC |
| Modifying agency | IG# |
| -- | DLC |
| -- | EG-ScBUE |
| 082 04 - DEWEY DECIMAL CLASSIFICATION NUMBER | |
| Classification number | 516.3 |
| Edition number | 22 |
| Item number | EIS |
| 100 1# - MAIN ENTRY--PERSONAL NAME | |
| Personal name | Eisenhart, Luther Pfahler, |
| Dates associated with a name | b. 1876. |
| Relator term | author. |
| 9 (RLIN) | 22667 |
| 245 10 - TITLE STATEMENT | |
| Title | Coordinate geometry / |
| Statement of responsibility, etc | Luther Pfahler Eisenhart. |
| 264 #1 - PUBLICATION, DISTRIBUTION, ETC. (IMPRINT) | |
| Place of publication, distribution, etc | Mineola, N.Y. : |
| Name of publisher, distributor, etc | Dover Publications, |
| Date of publication, distribution, etc | 2005. |
| 300 ## - PHYSICAL DESCRIPTION | |
| Extent | x, 298 pages : |
| Other physical details | illustrations ; |
| Dimensions | 22 cm. |
| 336 ## - CONTENT TYPE | |
| Source | rdacontent |
| Content type term | text |
| Content type code | txt |
| 337 ## - MEDIA TYPE | |
| Media type term | unmediated |
| Source | rdamedia |
| Media type code | n |
| 338 ## - CARRIER TYPE | |
| Carrier type term | volume |
| Carrier type code | nc |
| Source | rdacarrier |
| 490 0# - SERIES STATEMENT | |
| Series statement | Dover books on mathematics |
| 500 ## - GENERAL NOTE | |
| General note | Originally published: Boston : Ginn and Co., c1939. |
| 500 ## - GENERAL NOTE | |
| General note | Includes appendix.<br/> |
| 504 ## - BIBLIOGRAPHY, ETC. NOTE | |
| Bibliography, etc | Includes bibliographical references and index.<br/> |
| 650 #7 - SUBJECT ADDED ENTRY--TOPICAL TERM | |
| Topical term or geographic name as entry element | Geometry, Analytic. |
| Source of heading or term | BUEsh |
| 9 (RLIN) | 22669 |
| 650 #7 - SUBJECT ADDED ENTRY--TOPICAL TERM | |
| Topical term or geographic name as entry element | Coordinates. |
| Source of heading or term | BUEsh |
| 9 (RLIN) | 22670 |
| 655 ## - INDEX TERM--GENRE/FORM | |
| Form subdivision | Reading book |
| 856 42 - ELECTRONIC LOCATION AND ACCESS | |
| Materials specified | Publisher description |
| Uniform Resource Identifier | <a href="http://www.loc.gov/catdir/enhancements/fy0619/2004061384-d.html">http://www.loc.gov/catdir/enhancements/fy0619/2004061384-d.html</a> |
| 942 ## - ADDED ENTRY ELEMENTS (KOHA) | |
| Source of classification or shelving scheme | Dewey Decimal Classification |
| Koha item type | Book - Borrowing |
| Withdrawn status | Lost status | Source of classification or shelving scheme | Damaged status | Not for loan | Collection code | Home library | Current library | Shelving location | Date acquired | Source of acquisition | Total Checkouts | Full call number | Barcode | Date last seen | Date checked out | Price effective from | Koha item type |
|---|---|---|---|---|---|---|---|---|---|---|---|---|---|---|---|---|---|
| Dewey Decimal Classification | Baccah | Central Library | Central Library | First floor | 20/03/2011 | 1 | 516.3 EIS | 000023014 | 15/07/2025 | 22/03/2011 | 20/03/2011 | Book - Borrowing | |||||
| Dewey Decimal Classification | Baccah | Central Library | Central Library | First floor | 20/03/2011 | 516.3 EIS | 000023015 | 15/07/2025 | 20/03/2011 | NB - Book (Non borrowing) | |||||||
| Dewey Decimal Classification | Baccah | Central Library | Central Library | First floor | 20/03/2011 | 516.3 EIS | 000023016 | 15/07/2025 | 20/03/2011 | Book - Borrowing |